01367nam a22003494a 4500001001200000003000800012006001900020007001500039008004100054010001700095020001500112040002100127035002100148050002600169082001500195100002000210245015100230260005900381300001500440490003400455504005100489533015200540650002300692650002900715655002900744700002300773700002600796710001700822830003500839856012600874999001701000ebr10047000CaPaEBRm u cr cn|||||||||000414s2000 nyu sb 001 0 eng  z 00030935  z0306463962 aCaPaEBRcCaPaEBR a(OCoLC)22804857714aRC488.53b.S39 2000eb04a616.892211 aSchwab, John J.10aFamily functioningh[electronic resource] :bthe general living systems research model /cJohn J. Schwab, Helen M. Gray-Ice, Florence R. Prentice. aNew York :bKluwer Academic/Plenum Publishers,cc2000. axx, 283 p.1 aCritical issues in psychiatry aIncludes bibliographical references and index. aElectronic reproduction.bPalo Alto, Calif. :cebrary,d2013.nAvailable via World Wide Web.nAccess may be limited to ebrary affiliated libraries. 0aFamily assessment. 0aFamiliesxMental health. 7aElectronic books.2local1 aGray-Ice, Helen M.1 aPrentice, Florence R.2 aebrary, Inc. 0aCritical issues in psychiatry.40uhttp://site.ebrary.com/lib/rucke/Doc?id=10047000zAn electronic book accessible through the World Wide Web; click to view c73370d73370